Measuring an agro-based cluster’s productivity (Record no. 514183)

000 -LEADER
fixed length control field 01297nam a22001457a 4500
008 - FIXED-LENGTH DATA ELEMENTS--GENERAL INFORMATION
fixed length control field 201013b ||||| |||| 00| 0 eng d
100 ## - MAIN ENTRY--PERSONAL NAME
Personal name Anupam and Sharma, Sunil
245 ## - TITLE STATEMENT
Title Measuring an agro-based cluster’s productivity
260 ## - PUBLICATION, DISTRIBUTION, ETC. (IMPRINT)
Place of publication, distribution, etc Productivity : A Quarterly Journal of The National Productivity Council
300 ## - PHYSICAL DESCRIPTION
Extent 60(4), Jan-Mar, 2020: p.391-399
520 ## - SUMMARY, ETC.
Summary, etc This paper endeavours to develop a framework for measuring the productivity, more popularly called ‘vibrancy’, of agro-based clusters. Clusters, being ‘complex adaptive systems’, need to be assessed through an integrated framework of not only outputs but also processes that shape clusters. The authors have attempted to operationalize the constructs of social capital, firm productivity, entrepreneurship and innovation in context of agro-based clusters. While entrepreneurship, innovation and firm productivity present the output of clusters, social capital tends to have a two-way relationship with the cluster performance. The tool presented can be useful for cluster practitioners to assess the effectiveness of their cluster development initiatives. - Reproduced
773 ## - HOST ITEM ENTRY
Main entry heading Productivity : A Quarterly Journal of The National Productivity Council
906 ## - LOCAL DATA ELEMENT F, LDF (RLIN)
Subject DIP AGRICULTURE – INDIA
942 ## - ADDED ENTRY ELEMENTS (KOHA)
Item type Articles
Holdings
Withdrawn status Lost status Source of classification or shelving scheme Damaged status Not for loan Permanent location Current location Date acquired Serial Enumeration / chronology Barcode Date last seen Koha item type
          Indian Institute of Public Administration Indian Institute of Public Administration 2020-10-13 60(4), Jan-Mar, 2020: p.391-399 AR123231 2020-10-13 Articles

Powered by Koha